000 00316nam a2200109Ia 4500
008 220204s9999 xx 000 0 und d
082 _a334(540)
_bRES
245 0 _aReview of the cooperative movement in India 1950-52,1956-8, and 1958-60
260 _aBombay
_bRBI
_c1958
650 _aCooperative movement
942 _cBK
999 _c20060
_d20060